EFFECT OF FERTILIZER USE ON SYSTEM OF RICE INTENSIFICATION IN CROP STATION OF ROYAL UNIVERSITY OF AGRICULTURE,(ប្រសិទ្ធភាពលើប្រព័ន្ធប្រពលវប្បកម្មស្រូវនៅស្ថានីយ៍ពិសោធន៍ដំណាំនៃសាកលវិទ្យាល័យភូមិន្ធកសិកម្ម). (Record no. 907)

000 -LEADER
fixed length control field 00742nam a22001577a 4500
003 - CONTROL NUMBER IDENTIFIER
control field OSt
005 - DATE AND TIME OF LATEST TRANSACTION
control field 20150920144126.0
008 - FIXED-LENGTH DATA ELEMENTS--GENERAL INFORMATION
fixed length control field 150920b xxu||||| |||| 00| 0 eng d
040 ## - CATALOGING SOURCE
Transcribing agency RUA
082 ## - DEWEY DECIMAL CLASSIFICATION NUMBER
Classification number AGR SRE 2006 BO33 Or.1
100 ## - MAIN ENTRY--PERSONAL NAME
9 (RLIN) 942
Personal name SREAN, PAO
245 ## - TITLE STATEMENT
Title EFFECT OF FERTILIZER USE ON SYSTEM OF RICE INTENSIFICATION IN CROP STATION OF ROYAL UNIVERSITY OF AGRICULTURE,(ប្រសិទ្ធភាពលើប្រព័ន្ធប្រពលវប្បកម្មស្រូវនៅស្ថានីយ៍ពិសោធន៍ដំណាំនៃសាកលវិទ្យាល័យភូមិន្ធកសិកម្ម).
260 ## - PUBLICATION, DISTRIBUTION, ETC. (IMPRINT)
Place of publication, distribution, etc. PHNOM PHEN
Name of publisher, distributor, etc. RUA
Date of publication, distribution, etc. 2006
300 ## - PHYSICAL DESCRIPTION
Extent XIV, 46P.
Other physical details ILL.
Dimensions 29CM.
942 ## - ADDED ENTRY ELEMENTS (KOHA)
Source of classification or shelving scheme
Koha item type AGR
Holdings
Price effective from Date last seen Permanent Location Not for loan Date acquired Source of classification or shelving scheme Koha item type Barcode Lost status Damaged status Shelving location Withdrawn status Current Location Full call number
2015-09-202015-09-20Library Block B 2015-09-20 AGRRUA002627  B033 Library Block BAGR SRE 2006 BO33 Or.1
2022-10-242022-10-24Library Block B 2022-10-24 AGRa42020  B033 Library Block BAGR SRE 2006 BO33 Or.2
មជ្ឈមណ្ឌលឯការនៃសាកលវិទ្យាល័យភូមិន្ទកសិកម្មចំការដូង

Powered by Koha